Statistics for 1995-96 Philadelphia 76ers roster

Click here to take the quiz!

General Stats

  • This quiz has been taken 10 times
  • The average score is 8 of 24

Answer Stats

Jersey Number:Player Name:% Correct
76Shawn Bradley
78%
44Derrick Coleman
67%
42Jerry Stackhouse
67%
35Clarence Weatherspoon
44%
21Derrick Alston
33%
11Vernon Maxwell
33%
23Rex Walters
33%
41LaSalle Thompson
33%
5Scott Skiles
33%
54Ed Pinckney
33%
23Tim Perry
33%
25Jeff Malone
33%
3Greg Grant
33%
20Greg Graham
33%
30Tony Massenburg
22%
5Elmer Bennet
22%
8Trevor Ruffin
22%
9Sean Higgins
22%
7Richard Dumas
22%
40Mike Brown
22%
55Scott Williams
22%
30Trevor Wilson
22%
4Sharone Wright
22%
20Greg Stutton
0%

Score Distribution

Percentile by Number Answered

Percent of People with Each Score

Your Score History

You have not taken this quiz